UM Logo

Worktext on forensic ballistics / (Record no. 19155)

MARC details
000 -LEADER
fixed length control field 00706nam a22002057a 4500
005 - DATE AND TIME OF LATEST TRANSACTION
control field 20241011104515.0
008 - FIXED-LENGTH DATA ELEMENTS--GENERAL INFORMATION
fixed length control field 240215b ||||| |||| 00| 0 eng d
020 ## - INTERNATIONAL STANDARD BOOK NUMBER
International Standard Book Number 9789719647737
082 ## - DEWEY DECIMAL CLASSIFICATION NUMBER
Classification number DFil 363.25 P113 2023
100 ## - MAIN ENTRY--PERSONAL NAME
Personal name Paca, Benjo O.
9 (RLIN) 52447
245 ## - TITLE STATEMENT
Title Worktext on forensic ballistics /
Statement of responsibility, etc. Benjo O. Paca and Bernadeth C. Paña.
260 ## - PUBLICATION, DISTRIBUTION, ETC. (IMPRINT)
Place of publication, distribution, etc. Quezon City :
Name of publisher, distributor, etc. Chapterhouse Publishing Incorporated,
Date of publication, distribution, etc. ©2023.
300 ## - PHYSICAL DESCRIPTION
Extent 154 pages :
Other physical details illustrations;
Dimensions 25 cm.
500 ## - GENERAL NOTE
General note Includes references.
650 ## - SUBJECT ADDED ENTRY--TOPICAL TERM
Topical term or geographic name as entry element Firearms
General subdivision Identification.
9 (RLIN) 52567
650 ## - SUBJECT ADDED ENTRY--TOPICAL TERM
Topical term or geographic name as entry element Forensic ballistics.
9 (RLIN) 52568
650 ## - SUBJECT ADDED ENTRY--TOPICAL TERM
Topical term or geographic name as entry element Ballistics.
9 (RLIN) 52569
700 ## - ADDED ENTRY--PERSONAL NAME
Personal name Paña, Bernadeth C.
Relator term author.
9 (RLIN) 52448
942 ## - ADDED ENTRY ELEMENTS (KOHA)
Source of classification or shelving scheme Dewey Decimal Classification
Koha item type Filipiniana
Holdings
Withdrawn status Lost status Source of classification or shelving scheme Damaged status Not for loan Collection code Home library Current library Date acquired Source of acquisition Cost, normal purchase price Total Checkouts Full call number Barcode Date last seen Copy number Price effective from Koha item type
    Dewey Decimal Classification     Filipiniana UM Digos College - LIC UM Digos College - LIC 08/08/2023 Purchased 946.00   DFil 363.25 P113 2023 28082 05/15/2025 1 02/15/2024 Filipiniana
    Dewey Decimal Classification     Filipiniana UM Digos College - LIC UM Digos College - LIC 08/08/2023 Purchased 946.00   DFil 363.25 P113 2023 28083 05/15/2025 2 02/15/2024 Filipiniana
    Dewey Decimal Classification     Filipiniana UM Digos College - LIC UM Digos College - LIC 08/08/2023 Purchased 946.00   DFil 363.25 P113 2023 28084 05/15/2025 3 02/15/2024 Filipiniana
    Dewey Decimal Classification     Filipiniana UM Digos College - LIC UM Digos College - LIC 08/20/2024 Purchased 946.00   DFil 363.25 P113 2023 28326 05/15/2025 4 10/10/2024 Filipiniana
    Dewey Decimal Classification     Filipiniana UM Digos College - LIC UM Digos College - LIC 08/20/2024 Purchased 946.00   DFil 363.25 P113 2023 28327 05/15/2025 5 10/10/2024 Filipiniana